[Event "11th TCh-IND w 2013"]
[Site "Hyderabad IND"]
[Date "2013.02.22"]
[Round "3.1"]
[White "Harika,D"]
[Black "Pujari,R"]
[Result "1-0"]
[WhiteElo "2514"]
[BlackElo "2100"]

1.c4 e6 2.Nf3 d5 3.g3 Nf6 4.Bg2 Be7 5.O-O O-O 6.d4 c6 7.Nc3 b6 8.b3 Bb7 9.Bb2 Nbd7
10.Qd3 Rc8 11.Rad1 Qc7 12.Rfe1 Rfd8 13.Qb1 Ba6 14.Nd2 c5 15.dxc5 dxc4 16.b4 bxc5
17.b5 Bb7 18.Bxb7 Qxb7 19.Nxc4 Nb8 20.a4 Rd4 21.Ne5 Nd5 22.Nxd5 Rxd5 23.Nc4 Rcd8
24.Bc3 Bg5 25.Be5 Qd7 26.Rd3 Rxd3 27.Qxd3 Qxd3 28.exd3 Bf6 29.Bc7 Rc8 30.Bd6 Nd7
31.a5 Bd8 32.Ra1 Bc7 33.Bxc7 Rxc7 34.b6 axb6 35.axb6 Rc8 36.b7 Rb8 37.Ra8 g6
38.Ne5 Kg7 39.Nxd7 Rxb7 40.Nxc5 Rc7 41.Ra5 e5 42.Rb5 Rc8 43.Kf1 Rd8 44.Rb3 Rd5
45.Ne4 f5 46.Rb7+ Kf8 47.Nf6 Rxd3 48.Nd7+ Kg8 49.Nxe5 Rd1+ 50.Kg2 f4 51.Ng4 h5
52.Nf6+ Kf8 53.gxf4 Rd3 54.Nd7+ Kg8 55.Ne5 Rd6 56.Rc7 Rf6 57.Kg3  1-0

[Event "29th Open"]
[Site "Cappelle la Grande FRA"]
[Date "2013.03.01"]
[Round "8.28"]
[White "Zubarev,Al1"]
[Black "Clery,N"]
[Result "1/2-1/2"]
[WhiteElo "2591"]
[BlackElo "2373"]

1.c4 e6 2.Nf3 d5 3.d4 Nf6 4.g3 Bb4+ 5.Bd2 Be7 6.Bg2 O-O 7.O-O c6 8.Qc2 b6
9.Bf4 Bb7 10.Rd1 Nbd7 11.Nc3 dxc4 12.Nd2 Nd5 13.Nxc4 Nxf4 14.gxf4 Qc7 15.e3 Rad8
16.a3 c5 17.d5 exd5 18.Bxd5 Nf6 19.Bxb7 Qxb7 20.Rxd8 Rxd8 21.Rd1 Rxd1+ 22.Qxd1 g6
23.Ne5 a6 24.a4 Kg7 25.h3 Kf8 26.Qd3 Ke8 27.Kf1 Bf8 28.Ke2 Be7 29.Qc4 Bd6
30.Nd3 Kf8 31.e4 Nh5 32.Nd5 b5 33.Qc3 Kg8 34.Nxc5 Bxc5 35.Qxc5 bxa4 36.Qd4 h6
37.Kd2 Qd7 38.f5 gxf5 39.exf5 Kh7 40.Qd3 Kg7 41.Qd4+ Kh7 42.Qd3 Kg7 43.Kc3 Qd6
44.Qd4+ Kh7 45.f6 Kh8 46.Kc4 a3 47.bxa3 Qxa3 48.Qe5 Qa4+ 49.Kd3 Qd1+ 50.Ke4 Qb1+
51.Kd4 Qb2+ 52.Ke4 Qb1+ 53.Kd4 Qb2+  1/2-1/2

[Event "79th ch-BRA 2013"]
[Site "Montenegro BRA"]
[Date "2013.03.02"]
[Round "7.1"]
[White "Carneiro,Vitor Roberto Castro"]
[Black "Macedo,MIa"]
[Result "0-1"]
[WhiteElo "2089"]
[BlackElo "2408"]

1.c4 e6 2.Nf3 d5 3.b3 d4 4.Bb2 Nc6 5.g3 Nf6 6.Bg2 Bc5 7.O-O O-O 8.d3 e5 9.Nbd2 Re8
10.a3 a5 11.Ne4 Nxe4 12.dxe4 Be6 13.Ne1 f6 14.Nd3 Be7 15.Qc2 Qd7 16.c5 b5
17.f4 Red8 18.f5 Bf7 19.h4 h5 20.Kh2 Kh7 21.Bh3 Rh8 22.Rg1 Kg8 23.g4 hxg4
24.Rxg4 Bh5 25.Rg3 Kf7 26.a4 bxa4 27.Qc4+ Kf8 28.Rag1 Bf7 29.Qxa4 Rh7 30.b4 Qe8
31.b5 Na7 32.c6 Rb8 33.e3 Nxb5 34.Qc2 Nc3 35.Qg2 Qxc6 36.Rxg7 Rxb2 37.Nxb2 Rxg7
38.Qxg7+ Ke8 39.h5 Bf8 40.Qh8 Qxe4 41.h6 dxe3 42.h7 Qf4+ 43.Rg3 Ne4 44.Qg8 Nxg3
45.Nd3 Nf1+ 46.Kg2 Qh2+ 47.Kxf1 Qxh3+ 48.Ke1 Qh4+ 49.Ke2 Qh5+ 50.Kxe3 Bxg8
51.hxg8=Q Qxf5 52.Qd5 Bh6+ 53.Ke2 Qg4+ 54.Ke1 Qh4+ 55.Kf1 Qh3+ 56.Ke1 Qe3+
57.Kf1 Ke7 58.Nc5 Qh3+ 59.Ke2 Be3 60.Nb7 Bb6 61.Qd8+ Kf7 62.Qd5+ Kg7 63.Kd1 a4
64.Qd8 Qf1+ 65.Kd2 Qf4+ 66.Ke1 Qe3+  0-1

[Event "TCh-AUT 2 East 2012-13"]
[Site "Austria AUT"]
[Date "2013.03.09"]
[Round "8.6"]
[White "Kuntner,R2"]
[Black "Plank,F"]
[Result "0-1"]
[WhiteElo "2066"]
[BlackElo "2198"]

1.c4 e6 2.Nf3 d5 3.b3 dxc4 4.bxc4 e5 5.Qc2 Nc6 6.Nc3 Nf6 7.e3 Bb4 8.Bb2 O-O
9.a3 Ba5 10.Rd1 Re8 11.Ne4 Bf5 12.Nxf6+ Qxf6 13.Bd3 Bxd3 14.Qxd3 Rad8 15.Qb3 Qg6
16.O-O e4 17.Nh4 Qe6 18.d4 exd3 19.Rxd3 Rxd3 20.Qxd3 Rd8 21.Qb3 Bb6 22.Qc3 f6
23.Nf3 Bc5 24.Nd4 Bxd4 25.exd4 Rxd4 26.Qb3 Rd8 27.Qg3 Rd7 28.h4 Kf8 29.Qb3 b6
30.Bc3 Kf7 31.Re1 Qf5 32.c5+ Qd5 33.Qc2 h6 34.cxb6 axb6 35.h5 Qd3 36.Qb3+ Qd5
37.Qc2 Ne7 38.Qa4 b5 39.Qg4 c5 40.Qe2 Qc6 41.Ba5 Kg8 42.Qa2+ Qd5 43.Qb2 Qc4
44.Bb6 b4 45.Rc1 Qg4 46.Qb3+ c4 47.Qa4 b3 48.f3 Qe6 49.Ba5 b2 50.Rf1 Qe3+
51.Kh2 Qe5+ 52.Kg1 Qe3+ 53.Kh2 Qd3 54.Re1 Kf7 55.Qc6 Nxc6  0-1

[Event "47th Begonia Open"]
[Site "Ballarat AUS"]
[Date "2013.03.10"]
[Round "5"]
[White "Morris,J"]
[Black "Solomon,SJ"]
[Result "1-0"]
[WhiteElo "2388"]
[BlackElo "2390"]

1.c4 e6 2.Nf3 d5 3.g3 Nf6 4.Bg2 Be7 5.O-O O-O 6.d4 dxc4 7.Qc2 a6 8.Qxc4 b5
9.Qc2 Bb7 10.Bg5 Nbd7 11.Nbd2 c5 12.Bxf6 Bxf6 13.dxc5 Rc8 14.Nb3 Qc7 15.Rac1 Be7
16.Qb1 Bd5 17.Nbd4 b4 18.c6 Nc5 19.Ng5 Bxg5 20.Rxc5 Be7 21.Rcc1 Bxg2 22.Kxg2 Bf6
23.Qe4 Rfd8 24.e3 Rd6 25.Rc4 Bxd4 26.exd4 Rxc6 27.Rxb4 Rd8 28.Rd1 Rd5 29.Rd3 g6
30.Rbb3 Kg7 31.Rdc3 a5 32.Qc2 Rxc3 33.Rxc3 Qb6 34.Rc5 Rxd4 35.Qc3 Qb4 36.Rxa5 Qxc3
37.bxc3 Rd3 38.Rc5 h5 39.a4 Rd2 40.h4 Ra2 41.a5 Kf6 42.Kf3 Ke7 43.Ke3 Kd6
44.Rb5 Rc2 45.Rb3 Ra2 46.Rb7 f5 47.Rb6+ Kd5 48.c4+ Kxc4 49.Rxe6 Rxa5 50.Rxg6 Kd5
51.Kf4 Ra2 52.f3 Ra4+ 53.Kxf5 Kd4 54.Re6 Ra8 55.g4 Rf8+ 56.Rf6 Rh8 57.g5 Ke3
58.g6 Kxf3 59.g7 Rg8 60.Rg6 Ke3 61.Kf6 Kf4 62.Kf7 Kf5 63.Rg5+  1-0

[Event "AICF KIIT Cup 2013"]
[Site "Bhubaneswar IND"]
[Date "2013.03.17"]
[Round "1"]
[White "Gomes,Mary"]
[Black "Guo Qi"]
[Result "1/2-1/2"]
[WhiteElo "2387"]
[BlackElo "2435"]

1.c4 e6 2.Nf3 d5 3.b3 c5 4.g3 Nc6 5.Bg2 d4 6.O-O Nf6 7.d3 Be7 8.e3 e5 9.exd4 exd4
10.Na3 O-O 11.Nc2 a5 12.a3 Bf5 13.h3 h6 14.Re1 Bd6 15.Bb2 Qd7 16.Kh2 Bh7
17.Re2 Rfe8 18.Rd2 Rab8 19.b4 b5 20.bxc5 Bxc5 21.cxb5 Rxb5 22.Qc1 Qd6 23.Nce1 a4
24.Rc2 Na5 25.Nd2 Rxe1 26.Qxe1 Bxd3 27.Bf1 Bxc2 28.Bxb5 Nb3 29.Ra2 d3 30.Bxf6 Qxf6
31.Qe8+ Kh7 32.Ne4 Qd4 33.Bd7 Qd5 34.Bc6 Qf5 35.Bd7 Qd5 36.Bc6 Qf5 37.Bd7 Qd5
38.Bc6 Qf5 39.Bd7  1/2-1/2

[Event "86th ch-St Petersburg"]
[Site "St Petersburg RUS"]
[Date "2013.03.17"]
[Round "7.3"]
[White "Kashtanov,R"]
[Black "Popov,Val"]
[Result "0-1"]
[WhiteElo "2351"]
[BlackElo "2557"]

1.c4 e6 2.Nf3 d5 3.g3 dxc4 4.Qa4+ Nd7 5.Bg2 a6 6.Qxc4 b5 7.Qc6 Rb8 8.Qc2 Bb7
9.O-O Ngf6 10.a4 c5 11.axb5 axb5 12.d3 Bd6 13.Nc3 Qb6 14.Nd2 Bxg2 15.Kxg2 O-O
16.b3 Nd5 17.Nf3 Nb4 18.Qd2 Ne5 19.Nxe5 Bxe5 20.Bb2 Rfd8 21.Kg1 Nc6 22.Ne4 Bd4
23.Rfc1 c4 24.bxc4 bxc4 25.Bxd4 Nxd4 26.Rab1 Qxb1 27.Rxb1 Rxb1+ 28.Kg2 cxd3
29.Qxd3 Rb3 30.Qd2 Rbb8 31.e3 Nc6 32.Qc2 Nb4 33.Qc7 Nd5 34.Qe5 Rbc8 35.Qb2 Rc4
36.Kf3 h6 37.g4 Rb4 38.Qa3 Rc4 39.Qb3 Rc7 40.h3 Ra8 41.Qb2 Rca7 42.h4 Ne7
43.Ng3 Ra2 44.Qd4 R2a4 45.Qb2 Ra2 46.Qd4 Ng6 47.Nh5 e5 48.Qc3  0-1

[Event "81st ch-St Petersburg w"]
[Site "St Petersburg RUS"]
[Date "2013.03.20"]
[Round "10"]
[White "Tskhadadze,A"]
[Black "Andreeva,Y"]
[Result "1/2-1/2"]
[WhiteElo "1824"]
[BlackElo "2001"]

1.c4 e6 2.Nf3 d5 3.cxd5 exd5 4.g3 Nf6 5.Bg2 Be7 6.O-O O-O 7.d4 c6 8.Nc3 Nbd7
9.Qc2 Re8 10.Rb1 a5 11.a3 Bd6 12.b4 axb4 13.axb4 b5 14.Nd1 Bb7 15.Ne3 Nb6
16.Nf5 Bc7 17.Ne5 Nc4 18.f4 Nd7 19.Qd3 Ndb6 20.g4 f6 21.Nf3 Bc8 22.N3h4 Bxf5
23.Nxf5 g6 24.Ng3 Qe7 25.Rb3 Nd6 26.Qf3 Nbc4 27.h4 Ne4 28.Nxe4 dxe4 29.Qh3 Ra2
30.e3 Qf7 31.Rb1 f5 32.g5 Rea8 33.Rf2 Rxf2 34.Kxf2 Nb6 35.Qh1 Qc4 36.Qd1 Nd5
37.Bf1 Ra2+ 38.Bd2 Qc3 39.Ke1 Qa3 40.Rb3 Qa4 41.Rb1 Bd6 42.Qc1 Rc2 43.Qd1 Bxb4
44.Bxb4 Nxb4 45.Ra1 Na2 46.Be2 Qb4+ 47.Kf1 Qc3 48.d5 Rd2 49.Qe1 Qxe3 50.dxc6 Kf8
51.c7 Qxf4+ 52.Kg1 Qe3+ 53.Kf1 Qf4+ 54.Kg1 Qe3+ 55.Kf1 Qf4+  1/2-1/2

[Event "6th Guzinskiego Mem"]
[Site "Lazy POL"]
[Date "2013.03.28"]
[Round "3.6"]
[White "Adamowicz,M"]
[Black "Zolnierowicz,K"]
[Result "1-0"]
[WhiteElo "2046"]
[BlackElo "2167"]

1.c4 e6 2.Nf3 d5 3.g3 Nf6 4.Bg2 Be7 5.O-O O-O 6.b3 c5 7.Bb2 Nc6 8.cxd5 exd5
9.d4 Re8 10.Nc3 Bg4 11.dxc5 Bxc5 12.Rc1 Bf8 13.h3 Bh5 14.Re1  1-0

[Event "TCh-CRO II Liga 2013"]
[Site "Split CRO"]
[Date "2013.04.07"]
[Round "3.1"]
[White "Dumpor,A"]
[Black "Mimica,R"]
[Result "1-0"]
[WhiteElo "2357"]
[BlackElo "2034"]

1.c4 e6 2.Nf3 d5 3.e3 c5 4.d4 Nc6 5.Nc3 Nf6 6.Bd3 Bd6 7.a3 b6 8.O-O O-O 9.Qe2 dxc4
10.Bxc4 cxd4 11.exd4 Nxd4 12.Nxd4  1-0

[Event "ch-SRB 2013"]
[Site "Vrnjacka Banja SRB"]
[Date "2013.04.17"]
[Round "3.3"]
[White "Damljanovic,B"]
[Black "Tosic,M"]
[Result "1-0"]
[WhiteElo "2536"]
[BlackElo "2412"]

1.c4 e6 2.Nf3 d5 3.d4 c6 4.Nbd2 f5 5.g3 Nf6 6.Bg2 Bd6 7.O-O O-O 8.Ne5 Nbd7
9.Nd3 Qe7 10.Nf3 Ne4 11.Nfe5 Nxe5 12.dxe5 Bc7 13.b3 b6 14.f3 Ng5 15.a4 Bb7
16.Qc2 c5 17.Bxg5 Qxg5 18.f4 Qe7 19.cxd5 Bxd5 20.Bxd5 exd5 21.Rfd1 Rad8 22.e3 Qf7
23.Ne1 Rd7 24.Nf3 Bd8 25.Qe2 Qe6 26.Qb5 h6 27.Kf2 g5 28.Rd2 g4 29.Ng1 Be7
30.Ne2 Rfd8 31.Rad1 Kg7 32.h4 Ra8 33.Qd3 Rad8 34.Qb5 h5 35.b4 Ra8 36.bxc5 bxc5
37.Qb3 Rad8 38.Nc3 Qc6 39.Rxd5 Rb7 40.Qc2 Rdb8 41.Nb5 a6 42.Nd4 Qg6 43.Nxf5+ Kf8
44.R5d2 Rb2 45.Qe4 c4 46.Nd6 Qxe4 47.Nxe4 R8b3 48.Rxb2 Rxb2+ 49.Kf1 Ba3 50.e6 Rb3
51.f5 Rxe3 52.Rd8+ Ke7 53.Rd7+ Ke8 54.Nf6+  1-0

[Event "Zonal 2.5 2013"]
[Site "Montevideo URU"]
[Date "2013.04.19"]
[Round "1.24"]
[White "Tramutolo,Gustavo"]
[Black "Jodorcovsky,P"]
[Result "0-1"]
[WhiteElo "1626"]
[BlackElo "2165"]

1.c4 e6 2.Nf3 d5 3.cxd5 exd5 4.d4 c6 5.Nc3 Bd6 6.g3 Bf5 7.Nh4 Be6 8.Bg2 Nf6
9.Qc2 Qb6 10.Nf5 Bxf5 11.Qxf5 Nbd7 12.e3 O-O 13.O-O Rfe8 14.Rb1 a5 15.a3 a4
16.Qc2 Qa7 17.b4 Nb6 18.e4 dxe4 19.Nxe4 Be7 20.Re1 Nbd5 21.Nc5 Bxc5 22.Bxd5 Rxe1+
23.Kg2 Bxd4 24.Ba2 Rae8 25.b5 Qc5 26.Qxa4 cxb5 27.Rxb5 Qc6+ 28.Kh3 Rxc1 29.Qb3 Qd7+
30.Kg2 Rc7 31.h4 Re2  0-1

[Event "ch-SRB 2013"]
[Site "Vrnjacka Banja SRB"]
[Date "2013.04.19"]
[Round "5.2"]
[White "Damljanovic,B"]
[Black "Cvetkovic,Sr"]
[Result "1/2-1/2"]
[WhiteElo "2536"]
[BlackElo "2389"]

1.c4 e6 2.Nf3 d5 3.d4 Nf6 4.g3 dxc4 5.Bg2 a6 6.O-O Nc6 7.e3 Bd7 8.Qe2 b5
9.Rd1 Be7 10.b3 cxb3 11.axb3 O-O 12.Bb2 Nb4 13.Ne5 c6 14.Na3 Qb6 15.Nc2 Nxc2
16.Qxc2 Rac8 17.Qd2 Rc7 18.Nd3 Bc8 19.Bc3 Ra7 20.Ba5 Qb7 21.Rdc1 Bd7 22.Rc2 Nd5
23.e4 Nf6 24.h4 Rb8 25.b4 Be8 26.Rac1 Raa8 27.e5 Nd5 28.Bxd5 exd5 29.Nf4 Rc8
30.Nxd5 cxd5 31.Rc7 Rxc7 32.Rxc7 Qb8 33.Rxe7 Ra7 34.Rxa7 Qxa7 35.Qc3 Qb7
36.Qc5 h5 37.Qd6 Bd7 38.Bb6 Qc6 39.Qxc6 Bxc6 40.f3 Bd7 41.Kf2 Kh7 42.Ke3 Kg6
43.Kf4 Be6 44.Bc5 Bf5 45.Bf8 Bd3 46.g4 hxg4 47.fxg4 Be2 48.h5+ Kh7 49.Kg5 Kg8
50.Be7 Bd1 51.Kh4 Kh7 52.Bg5 Be2 53.Bd2 Bd1 54.h6 gxh6 55.Kh5 Be2 56.Bxh6 Bxg4+
57.Kg5 Be2  1/2-1/2

[Event "ch-SRB 2013"]
[Site "Vrnjacka Banja SRB"]
[Date "2013.04.26"]
[Round "12.6"]
[White "Cvetkovic,Sr"]
[Black "Tosic,M"]
[Result "1/2-1/2"]
[WhiteElo "2389"]
[BlackElo "2412"]

1.c4 e6 2.Nf3 d5 3.d4 Nf6 4.cxd5 exd5 5.Nc3 c6 6.Bg5 Be7 7.e3 Bf5 8.Bd3 Bxd3
9.Qxd3 O-O 10.O-O Nbd7 11.Rab1 a5 12.Qc2  1/2-1/2

[Event "TCh-CZE Extraliga 2012-13"]
[Site "Czech Republic CZE"]
[Date "2013.04.28"]
[Round "11.5"]
[White "Rausis,I"]
[Black "Sosna,J"]
[Result "1-0"]
[WhiteElo "2512"]
[BlackElo "2385"]

1.c4 e6 2.Nf3 d5 3.g3 c6 4.Bg2 Nd7 5.O-O dxc4 6.Qc2 Nb6 7.Na3 Bxa3 8.bxa3 Nf6
9.Ne5 O-O 10.Bb2 Qe7 11.Nxc4 Nxc4 12.Qxc4 e5 13.Qb4 Qc7 14.f4 exf4 15.Bxf6 gxf6
16.Rxf4 Qb6+ 17.e3 Qxb4 18.axb4 a5 19.a4 axb4 20.Rxb4 Ra5 21.Rf1 Rd8 22.d4 Kg7
23.Rc1 Re8 24.Kf2 Kf8 25.Bf3 Ke7 26.g4 h6 27.h4 Rd8 28.Kg3 Re8 29.Kf4 Rd8
30.Be4 Ra7 31.Rc5 Rg8 32.Bf5 Be6 33.a5 Kd6 34.Bxe6 fxe6 35.Rh5 Rg6 36.e4 Kc7
37.Rc5 Ra8 38.Rb3 Rg7 39.Rh5 Rg6 40.d5 exd5 41.exd5 Rd8 42.Rd3 Rdg8 43.dxc6 bxc6
44.Rg3 Rd8 45.Kf5 Rdg8 46.Ra3 Kb7 47.Rb3+ Ka7 48.Rb6 Rxg4 49.Rxh6 Ra4 50.Rh7+ Ka8
51.Ra6+ Kb8 52.Raa7 Rxh4 53.Rhb7+ Kc8 54.a6 Rh5+ 55.Ke6  1-0

[Event "Chinese Teams 2013"]
[Site "Tianjin CHN"]
[Date "2013.05.02"]
[Round "3.4"]
[White "Zhou Jianchao"]
[Black "Wang Chen"]
[Result "1-0"]
[WhiteElo "2607"]
[BlackElo "2485"]

1.c4 e6 2.Nf3 d5 3.g3 Nf6 4.Bg2 g6 5.O-O Bg7 6.d4 O-O 7.Nc3 Nc6 8.Ne5 dxc4
9.Nxc6 bxc6 10.Qa4 Qxd4 11.Rd1 Qc5 12.Be3 Qh5 13.Bf3 Ng4 14.Bxg4 Qxg4 15.Bc5 Bb7
16.Bxf8 Bxf8 17.Rd7 Bc5 18.Rad1 Rf8 19.Rd8 e5 20.Rxf8+ Kxf8 21.Qa5 Bd6 22.Qxa7 Bc8
23.Qe3  1-0

[Event "31st Liechtenstein Open 2013"]
[Site "Triesen LIE"]
[Date "2013.05.07"]
[Round "5.6"]
[White "Sergeev,Vl"]
[Black "Kessler,L"]
[Result "1-0"]
[WhiteElo "2430"]
[BlackElo "2244"]

1.c4 e6 2.Nf3 d5 3.g3 Nf6 4.Bg2 dxc4 5.Qa4+ Nbd7 6.Qxc4 a6 7.Qc2 c5 8.O-O b5
9.a4 Bb7 10.Nc3 Qb6 11.d3 Be7 12.axb5 axb5 13.Rxa8+ Bxa8 14.Qb3 Nd5 15.Nd2 Nxc3
16.bxc3 Bxg2 17.Kxg2 O-O 18.Bb2 Ra8 19.Rb1 h6 20.Bc1 Rb8 21.Kg1 Qc6 22.Ra1 c4
23.dxc4 bxc4 24.Qxc4 Qxc4 25.Nxc4 Rc8 26.Ra4 Bf6 27.Nd6 Rxc3 28.Ra8+ Nf8
29.Ba3  1-0

[Event "II Maremma Open"]
[Site "Grosseto ITA"]
[Date "2013.05.09"]
[Round "1"]
[White "Bini,A"]
[Black "Lagumina,G"]
[Result "0-1"]
[WhiteElo "1842"]
[BlackElo "2311"]

1.c4 e6 2.Nf3 d5 3.e3 Nf6 4.Be2 Be7 5.O-O O-O 6.Nc3 c5 7.d3 Nc6 8.a3 b6 9.Nd2 d4
10.Nce4 Ne8 11.Ng3 Bb7 12.Nf3 dxe3 13.fxe3 Qc7 14.Bd2 Rd8 15.Qc2 Nf6 16.Ne1 Bd6
17.Rxf6 gxf6 18.Nh5 f5 19.Nf3 f6 20.Bc3 Ne5 21.Nh4 Be7 22.Nf4 Qd7 23.h3 Nf7
24.Rf1 Ng5 25.b3 Bd6 26.Qb2 Be5 27.Nh5 Bxc3 28.Qxc3 Qe7 29.Kh2 Qf7 30.Rf4 Nf3+
31.Rxf3 Bxf3 32.Bxf3 Qe7 33.Nf4 Rf7 34.Nh5 Qd6+ 35.g3 Qxd3 36.Nxf6+ Kf8 37.Qe5 Qd6
38.Nxh7+ Rxh7 39.Qf6+ Kg8 40.Ng6 Rdd7 41.Bd5 exd5  0-1

[Event "II Maremma Open"]
[Site "Grosseto ITA"]
[Date "2013.05.11"]
[Round "5"]
[White "Guglielmi,D"]
[Black "Vargas,Ga"]
[Result "0-1"]
[WhiteElo "1898"]
[BlackElo "2057"]

1.c4 e6 2.Nf3 d5 3.e3 Nf6 4.b3 Be7 5.Be2 O-O 6.O-O c5 7.d4 b6 8.Bb2 Bb7 9.Nc3 Nbd7
10.dxc5 Nxc5 11.Qd4 dxc4 12.bxc4 Qxd4 13.Nxd4 Rac8 14.Rfd1 Rfd8 15.Ndb5 a6
16.Nd4 Nfe4 17.Rab1 Nxc3 18.Bxc3 Na4 19.Ba1 Be4 20.Bd3 Bxd3 21.Rxd3 Rxc4
22.Rdd1 b5 23.Rbc1 Rxc1 24.Rxc1 Ba3 25.Rb1 Rc8 26.g3 b4 27.Ne2 f6 28.Rd1 Nc3  0-1

[Event "Tschaturanga Open 2013"]
[Site "Vienna AUT"]
[Date "2013.05.11"]
[Round "6.12"]
[White "Behling,R"]
[Black "Wu,Min"]
[Result "1-0"]
[WhiteElo "2145"]
[BlackElo "1798"]

1.c4 e6 2.Nf3 d5 3.g3 Nf6 4.Bg2 dxc4 5.Qa4+ c6 6.Qxc4 b5 7.Qc2 Bb7 8.O-O a6
9.d4 Nbd7 10.Nfd2 Rc8 11.Nb3 Nd5 12.Nc3 c5 13.Nxd5 Bxd5 14.Bxd5 exd5 15.dxc5 Nxc5
16.Nxc5 Bxc5 17.Qf5 O-O 18.Rd1 d4 19.Bg5 Qb6 20.Rac1 h6 21.b4 hxg5 22.bxc5 Qa5
23.Rc2 Qa4 24.Rdc1 Rfd8 25.c6 Qa3 26.c7 Re8 27.Qxg5 d3 28.exd3 Qxd3 29.Rd2 Qe4
30.Rd8 f6 31.Qd2 Qe7 32.Qd5+ Kf8 33.Rd7 Qe6 34.Qc5+ Kg8 35.Rcd1 Qxa2 36.Qh5 Qb2
37.Qf7+ Kh8 38.Qxg7+  1-0

[Event "6th Calgary International 2013"]
[Site "Calgary CAN"]
[Date "2013.05.15"]
[Round "3"]
[White "Mikhalevski,V"]
[Black "Gardner,R"]
[Result "1-0"]
[WhiteElo "2551"]
[BlackElo "2217"]

1.c4 e6 2.Nf3 d5 3.b3 Nf6 4.g3 c5 5.Bg2 Nc6 6.O-O Bd6 7.e3 O-O 8.Bb2 dxc4
9.bxc4 e5 10.Nc3 Bg4 11.h3 Be6 12.d3 Qd7 13.Ng5 Bf5 14.g4 Bg6 15.Qe2 Rad8
16.Rfd1 Be7 17.Nge4 Nxe4 18.dxe4 Qc8 19.Nd5 Bh4 20.Rd2 f6 21.a4 Rd7 22.Rad1 Rfd8
23.a5 Kf8 24.Bc3 Bf7 25.Qd3 Be6 26.Qb1 Ne7 27.f4 Bg3 28.Rf1 Ng6 29.f5 Bxd5
30.exd5 Ne7 31.Qe4 Qb8 32.g5 fxg5 33.Rf3 Bh4 34.Bxe5 Qc8 35.d6 Nc6 36.f6 g6
37.f7 Rxf7 38.Rxf7+ Kxf7 39.a6 Qf5 40.Bh2 Qxe4 41.Bxe4 g4 42.hxg4 Bf6 43.axb7 Ne5
44.Bd5+ Ke8 45.Ra2 Nxg4 46.Rxa7 Nxh2 47.Ra8  1-0

[Event "2nd Oscar Panno GM"]
[Site "Moron ARG"]
[Date "2013.05.15"]
[Round "4"]
[White "Ricardi,P"]
[Black "Barrionuevo,P"]
[Result "0-1"]
[WhiteElo "2481"]
[BlackElo "2292"]

1.c4 e6 2.Nf3 d5 3.b3 Nf6 4.g3 Be7 5.Bg2 O-O 6.O-O c5 7.e3 Nc6 8.Qe2 d4 9.exd4 cxd4
10.d3 Nd7 11.a3 a5 12.Nbd2 Nc5 13.Rb1 f5 14.Ne1 Qc7 15.f4 Rb8 16.Qd1 b5 17.cxb5 Rxb5
18.Qc2 Bb7 19.Nc4 Ba8 20.Bd2 Rfb8 21.b4 axb4 22.axb4 Na6 23.Na3 R5b6 24.Nf3 Naxb4
25.Bxb4 Bxb4 26.Ne5 Bxa3 27.Rxb6 Qxb6 28.Nxc6 Bxc6 29.Qxc6 Qxc6 30.Bxc6 Rb3
31.Rd1 Kf7 32.Kf1 Kf6 33.Ke2 Bb4 34.Kf3 Rb2 35.h3 Bd2 36.g4 Be3 37.gxf5 exf5
38.Rf1 g6 39.Kg3 h5 40.h4 Ke7 41.Bd5 Re2 42.Bc4 Bd2 43.Ra1 Be1+ 44.Kh3 Re3+
45.Kg2 Bxh4 46.Ra7+ Kf8 47.Ra8+ Re8 48.Ra6 Kg7 49.Ra7+ Re7 50.Ra8 Bf6 51.Rg8+ Kh7
52.Rf8 Bg7 53.Rd8 Re2+ 54.Kf3 Re3+ 55.Kf2 h4 56.Rd6 Rg3 57.Bf7 Rg4 58.Ra6 Bh6
59.Ra7 Bxf4 60.Kf3 Be3  0-1

[Event "BSG Pinkstertoernooi KO 2013"]
[Site "Bussum NED"]
[Date "2013.05.20"]
[Round "2.2"]
[White "Bosboom,M"]
[Black "Swinkels,R"]
[Result "0-1"]
[WhiteElo "2400"]
[BlackElo "2525"]

1.c4 e6 2.Nf3 d5 3.e3 c5 4.a3 Nc6 5.d4 dxc4 6.Bxc4 a6 7.O-O b5 8.Ba2 Nf6
9.Nc3 Bb7 10.Qe2 c4 11.Rd1 Be7 12.e4 O-O 13.Bf4 Na5 14.h3 Re8 15.Qc2 Rc8
16.Re1 Nd7 17.Rad1 Nf8 18.Bb1 Nb3 19.Ba2 Na5 20.Bg3 Bd6 21.Ne2 b4 22.axb4 Bxb4
23.Nc3 Bd6 24.Bxd6 Qxd6 25.Qa4 Qb6 26.Rd2 Nb3 27.Bxb3 cxb3 28.Re3 Red8 29.h4 h6
30.h5 Nd7 31.Qa3 Nf6 32.Ne2 Bxe4 33.Rxb3 Qa7 34.Ne5 Bd5 35.Rh3 Ne4 36.Rd1 Rc2
37.Qe3 Rxb2 38.f3 Ng5 39.Rg3 Ba8 40.Kh2 Qe7 41.Nf4 f6 42.Neg6 Qf7 43.Qc3 Rf2
44.Kg1 Ra2 45.Rc1 Re8 46.Qb3 e5 47.Qxf7+ Nxf7 48.dxe5 fxe5 49.Nd3 e4 50.Nb4 Ra4
51.Nc2 exf3 52.gxf3 Ng5 53.f4 Ne4 54.Re3 Rc4 55.Kh2 Rcc8 56.Ree1 Kh7 57.Ne3 Rxc1
58.Rxc1 Nf6 59.Nf5 Be4 60.Nge7 Nxh5 61.Rc7 Bxf5 62.Nxf5 Rf8 63.Ne3 Rxf4 64.Ra7 Rf6  0-1

[Event "6th Mayors Cup 2013"]
[Site "Mumbai IND"]
[Date "2013.05.30"]
[Round "3"]
[White "Himanshu,Sh"]
[Black "Malakhatko,V"]
[Result "1/2-1/2"]
[WhiteElo "2401"]
[BlackElo "2552"]

1.c4 e6 2.Nf3 d5 3.d4 Nf6 4.Bg5 h6 5.Bxf6 Qxf6 6.Nc3 Qd8 7.Rc1 Be7 8.e3 O-O
9.Bd3 a6 10.c5 b6 11.b4 a5 12.cxb6 cxb6 13.b5 Ba3 14.Rc2 Nd7  1/2-1/2

[Event "3rd Women Masters"]
[Site "Wuxi CHN"]
[Date "2013.06.01"]
[Round "2.1"]
[White "Huang Qian"]
[Black "Guo Qi"]
[Result "1/2-1/2"]
[WhiteElo "2469"]
[BlackElo "2439"]

1.c4 e6 2.Nf3 d5 3.g3 dxc4 4.Qa4+ Nd7 5.Qxc4 a6 6.Bg2 b5 7.Qb3 Bb7 8.O-O c5
9.d3 Ngf6 10.Rd1 Be7 11.a4 Bd5 12.Qc2 O-O 13.Nc3 Bc6 14.Nh4 Bxg2 15.Nxg2 Qb6
16.axb5 axb5 17.Rxa8 Rxa8 18.Qb3 b4 19.Nb1 Ra1 20.Nd2 Ne5 21.Ne3 Nc6 22.Nec4 Qd8
23.Nf3 Nd5 24.Be3 Qa8 25.Nfd2 Nxe3 26.fxe3 h5 27.Qc2 Ra7 28.Nf3 Qb8 29.b3 Qa8
30.d4 cxd4 31.exd4 Bf6 32.e4 Ra2 33.Qd3 Qa7 34.e5 Be7 35.Kf1 Na5 36.Nxa5 Qxa5
37.Rd2 Ra1+ 38.Rd1 Rxd1+ 39.Qxd1 Qd5 40.Qd3 g5 41.h3 g4 42.hxg4 hxg4 43.Ng1 Bg5
44.Ne2 Qh1+ 45.Ng1 Qd5 46.Ne2 Qh1+ 47.Ng1  1/2-1/2

[Event "FIDE World Blitz 2013"]
[Site "Khanty-Mansiysk RUS"]
[Date "2013.06.09"]
[Round "4.19"]
[White "Andreikin,D"]
[Black "Rakhmanov,Ale"]
[Result "0-1"]
[WhiteElo "2713"]
[BlackElo "2602"]

1.c4 e6 2.Nf3 d5 3.g3 g6 4.Bg2 Bg7 5.O-O Ne7 6.d4 O-O 7.Nc3 Nd7 8.e4 dxc4
9.Qe2 c5 10.dxc5 Nxc5 11.Qxc4 b6 12.Rd1 Ba6 13.Rxd8 Bxc4 14.Rxa8 Rxa8 15.Bg5 Nc6
16.Nd2 Ba6 17.e5 Rc8 18.f4 Nd4 19.Nde4 Ne2+ 20.Nxe2 Nxe4 21.Nd4 Nxg5 22.fxg5 Bxe5
23.Nc6 Bxb2 24.Rd1 Ba3 25.h4 Rc7 26.Ne5 Kg7 27.Rd8 Be7 28.Ra8 Bc5+ 29.Kh2 f6
30.Nf3 h6 31.gxh6+ Kxh6 32.g4 g5 33.h5 Bd6+ 34.Kg1 f5 35.Rg8 fxg4 36.Rg6+ Kxh5
37.Rxg5+ Kh6 38.Rxg4 Rc1+ 39.Kf2 Rc2+ 40.Ke3 Re2+ 41.Kd4 Bc5+ 42.Kc3 Rxa2
43.Ne5 Ra3+ 44.Kb2 Re3 45.Nf7+ Kh5 46.Rg8 Bd4+ 47.Kc2 Rc3+ 48.Kd2 Rd3+ 49.Kc2 Rc3+
50.Kd2 Bc4 51.Be4 Re3 52.Bc2 Re2+ 53.Kc1 Be3+ 54.Kb1 Ba2+ 55.Kb2 Bd4+ 56.Kc1 Be3+
57.Kb2 Bd4+ 58.Kc1 Bd5 59.Bd1 Be3+ 60.Kb1 Be4+ 61.Ka1 Bd4+  0-1

[Event "FIDE World Blitz 2013"]
[Site "Khanty-Mansiysk RUS"]
[Date "2013.06.09"]
[Round "8.9"]
[White "Movsesian,S"]
[Black "Rakhmanov,Ale"]
[Result "1/2-1/2"]
[WhiteElo "2699"]
[BlackElo "2602"]

1.c4 e6 2.Nf3 d5 3.g3 g6 4.Bg2 Bg7 5.O-O Nf6 6.Qc2 O-O 7.d4 Na6 8.a3 b6 9.Ne5 Bb7
10.Rd1 Qe7 11.b4 c5 12.b5 Nc7 13.Bb2 Rac8 14.Nd2 cxd4 15.a4 Rfd8 16.Bxd4 Nce8
17.Qb2 Nd7 18.Nc6 Bxc6 19.Bxg7 Nxg7 20.bxc6 Nf6 21.cxd5 exd5 22.Rac1 Ne6
23.Nf3 Nc5 24.Nd4 Nxa4 25.Qa1 Nc5 26.Rc3 Nfe4 27.Ra3 Rc7 28.Bh3 Qf6 29.Rf3 Qe7
30.Re3 Qf6 31.f3 Ng5 32.Bg2 Nge6 33.Nb5 Qxa1 34.Rxa1 Rxc6 35.Nxa7 Ra8 36.Rea3 Rd6
37.e3 Kg7  1/2-1/2

[Event "3rd Ortega Rating"]
[Site "Ortega COL"]
[Date "2013.06.09"]
[Round "6.7"]
[White "Panesso Rivera,H"]
[Black "Cardozo,C"]
[Result "1-0"]
[WhiteElo "2342"]
[BlackElo "1975"]

1.Nf3 e6 2.c4 d5 3.g3 Nf6 4.Bg2 Bd6 5.d4 c6 6.O-O O-O 7.Nc3 Nbd7 8.Nd2 Bb4
9.Qb3 Bxc3 10.Qxc3 Re8 11.b3 a5 12.a4 Qb6 13.e4 dxe4 14.Nxe4 Nxe4 15.Bxe4 Nf6
16.Bg2 Bd7 17.Bb2 Red8 18.Qe3 Be8 19.Qf3 Rd7 20.d5 cxd5 21.Bxf6 gxf6 22.Qg4+ Kf8
23.cxd5 e5 24.Qf5 Rc8 25.Rac1 Rxc1 26.Rxc1 Qxb3 27.Qxf6 Qxa4 28.Qh8+ Ke7
29.Qxe5+  1-0

[Event "2nd Grand Europe Open 2013"]
[Site "Golden Sands BUL"]
[Date "2013.06.13"]
[Round "4.57"]
[White "Kanmazalp,O"]
[Black "Dragomirescu,An"]
[Result "1/2-1/2"]
[WhiteElo "2382"]
[BlackElo "2221"]

1.c4 e6 2.Nf3 d5 3.g3 Nf6 4.Bg2 c6 5.d4 Nbd7 6.Nc3 Bd6 7.O-O O-O 8.Qd3 dxc4
9.Qxc4 e5 10.Rd1 Qe7 11.Bg5 h6 12.Bxf6 Nxf6 13.dxe5 Bxe5 14.Nxe5 Qxe5 15.Qd4 Re8
16.Qxe5 Rxe5 17.Rd2 Re7 18.Rad1 Be6 19.e4 Rd7 20.Rxd7 Nxd7 21.f4 g6 22.e5 Nb6
23.Kf2 Kf8 24.b3 Ke7 25.Ne4 Rd8 26.Rxd8 Kxd8 27.Nd6 Kc7 28.g4 Nd7 29.Kg3 a5
30.Ne8+ Kd8 31.Nd6 Kc7 32.Bf1 b5 33.f5 Nxe5 34.Nxb5+ cxb5 35.fxe6 fxe6 36.Bxb5 g5
37.Be2  1/2-1/2

[Event "7th Srebrno Jezero Open 2013"]
[Site "Srebrno jezero SRB"]
[Date "2013.06.15"]
[Round "2.3"]
[White "Martinovic,Sl"]
[Black "Markovic,ZS"]
[Result "0-1"]
[WhiteElo "2417"]
[BlackElo "2372"]

1.c4 e6 2.Nf3 d5 3.d4 Nf6 4.Nc3 Be7 5.cxd5 exd5 6.Bg5 O-O 7.Qc2 c6 8.e3 Nbd7
9.Bd3 Re8 10.O-O Nf8 11.h3 g6 12.Bf4 Nh5 13.Bh2 Bd6 14.Bxd6 Qxd6 15.Rfe1 Qf6
16.Ne5 Nd7 17.Ng4 Qd6 18.Rad1 f5 19.Nh2 Nhf6 20.a3 Ne4 21.b4 a5 22.Qb3 axb4
23.axb4 Nxf2 24.Kxf2 Qxh2 25.Ne2 Qd6 26.Ra1 Rxa1 27.Rxa1 Qe7 28.Bc2 Nb6 29.Re1 Qh4+
30.g3 Qxh3 31.Nf4 Qh2+ 32.Ng2 Nc4 33.Qc3 Nd6  0-1